| 000 | 02376nam a22003017a 4500 | ||
|---|---|---|---|
| 005 | 20110801103822.0 | ||
| 010 | _aB-436023-027 | ||
| 020 |
_a8182633249 _c15.00 |
||
| 035 | _aB-436023-027 | ||
| 037 | _bब्ल्यूबेरी बुक्स | ||
| 082 | _aक | ||
| 100 |
_aकिर्लोस्कर, लीला _931253 |
||
| 245 |
_aगरमी / _cलीला किर्लोस्कर एवं अरविंद पासी ; अमित अधिकारी द्वारा चित्रांकित |
||
| 246 |
_aGarmi _bby Leela Kirloskar |
||
| 250 | _a3रा हिन्दी संस्क. | ||
| 260 |
_aनई दिल्ली _bप्रथम बुक्स _c2009 |
||
| 270 |
_a633-634, 4th "C" Main, 6th 'B' Cross, OMBR Layout, Banaswadi, _bBangalore _e560043 _k+91 11 41042483 |
||
| 300 |
_a8पृ. _bसचित्र _c14x20 सेमी (अजिल्द) |
||
| 700 |
_928835 _aपासी, अरविंद |
||
| 700 |
_928836 _aअधिकारी, अमित |
||
| 942 |
_2ddc _cCH _hक _mकिर्लोस्क |
||
| 999 |
_c54585 _d54585 |
||